Radio frequency integrated circuit design / (Record no. 175542)
[ view plain ]
| 000 -LEADER | |
|---|---|
| fixed length control field | 01061 a2200217 4500 |
| 003 - CONTROL NUMBER IDENTIFIER | |
| control field | Nust |
| 005 - DATE AND TIME OF LATEST TRANSACTION | |
| control field | 20230828095024.0 |
| 010 ## - LIBRARY OF CONGRESS CONTROL NUMBER | |
| LC control number | 2003041891 |
| 020 ## - INTERNATIONAL STANDARD BOOK NUMBER | |
| Terms of availability | 158053502X (alk. paper) |
| 040 ## - CATALOGING SOURCE | |
| Transcribing agency | Nust |
| 082 00 - DEWEY DECIMAL CLASSIFICATION NUMBER | |
| Classification number | 621.3812,ROG |
| 100 1# - MAIN ENTRY--PERSONAL NAME | |
| Personal name | Rogers, John |
| 9 (RLIN) | 96928 |
| 245 10 - TITLE STATEMENT | |
| Title | Radio frequency integrated circuit design / |
| Statement of responsibility, etc. | John Rogers, Calvin Plett. |
| 260 ## - PUBLICATION, DISTRIBUTION, ETC. | |
| Place of publication, distribution, etc. | Boston : |
| Name of publisher, distributor, etc. | Artech House, |
| Date of publication, distribution, etc. | c2003. |
| 300 ## - PHYSICAL DESCRIPTION | |
| Extent | xx, 410 p. : |
| Other physical details | ill. ; |
| Dimensions | 24 cm. |
| 440 #0 - SERIES STATEMENT/ADDED ENTRY--TITLE | |
| Title | Artech House microwave library |
| 9 (RLIN) | 28737 |
| 505 ## - FORMATTED CONTENTS NOTE | |
| Formatted contents note | Introduction to Communications Circuits (Page-1), Issues in RFIC Design Noise Linearity and filtering (Page-9), A Brief Review of Technology (Page-43), Impedance Matching (Page-63),The Use and Design of Passive Circuit (Page-95), LNA Design (Page-141), Mixers (Page-197), Match (Page-229),Voltage Controlled Oscillators (Page-245), High Frequency Filter Circuits (Page-319),Power Amplifiers (Page-349), About the Authors (Page-401). |
| 650 #0 - SUBJECT ADDED ENTRY--TOPICAL TERM | |
| Topical term or geographic name entry element | Telecommunication Engineering. |
| 700 1# - ADDED ENTRY--PERSONAL NAME | |
| Personal name | Plett, Calvin. |
| 9 (RLIN) | 89599 |
| 942 ## - ADDED ENTRY ELEMENTS (KOHA) | |
| Koha item type | Reference |
| Source of classification or shelving scheme | |
| Withdrawn status | Lost status | Source of classification or shelving scheme | Damaged status | Not for loan | Permanent Location | Current Location | Shelving location | Date acquired | Full call number | Barcode | Date last seen | Price effective from | Koha item type | Public note |
|---|---|---|---|---|---|---|---|---|---|---|---|---|---|---|
| Military College of Signals (MCS) | Military College of Signals (MCS) | Reference | 12/12/2016 | 621.3812,ROG | MCS30823 | 12/08/2016 | 12/12/2016 | Reference | Almirah No.21, Shelf No.2 |
